Statistiques concernant Culture Générale - Série 611

Cliquez ici pour prendre le quiz!

Statistiques générales

  • Ce quiz a été pris 185 fois
  • Le résultat moyen est 8 sur 10

Statistiques - réponses

QuestionRéponse% Correct
Quelle boisson vous servira-t-on si vous commandez une mousse ?bière
97%
En français, sur quelle voyelle ne met-on jamais d'accent circonflexe ?Y
97%
Chez l'homme, les 4 molaires qui apparaissent généralement après les autres, au fond de la bouche, sont appelées dents de...sagesse
95%
De quel roman de Stendhal, Julien Sorel est-il le héros ?Le Rouge et le noir
92%
Combien une main humaine comporte-t-elle de phalanges ?14
90%
Selon l'expression populaire, rester sans rien faire, c'est "Bayer aux...corneilles
88%
Selon la tradition, à quel apôtre et évangéliste attribue-t-on l'Apocalypse ?Saint Jean
74%
Selon le titre d'une chanson de 1981 de Bernard Lavilliers, de quelle couleur est Pigalle ?blanche
62%
Quel poème de Rimbaud se clôt sur cette phrase : "Il a deux trous rouges au côté droit."Le Dormeur du val
54%
Quelle est la capitale du Liberia ?Monrovia
46%

Distribution des résultats

Percentile par nombre de réponses

% des personnes avec chaque résultat

Votre développement - résultats

Vous n’avez pas pris ce quiz